| 000 | 01125nam a22002657a 4500 | ||
|---|---|---|---|
| 003 | NALT | ||
| 005 | 20210730153101.0 | ||
| 008 | s2544 th tha d | ||
| 040 | _aNALT | ||
| 041 | _atha | ||
| 090 | _aว S564 จ127ก 2543 | ||
| 100 | 0 | _aจงรักษ์ จันทร์เจริญสุข | |
| 245 | 1 | 0 | _aการใช้ตอซังข้าวปรับปรุงความอุดมสมบูรณ์ของดินนา |
| 246 | _aUtilization of rice straw for paddy soil fertility improvement | ||
| 260 | 3 |
_aกรุงเทพฯ : _bมหาวิทยาลัยเกษตรศาสตร์, _c2544 |
|
| 300 |
_a37 หน้า : _b ตาราง, กราฟ ; _c 29 ซม. |
||
| 650 | 0 | 4 | _aซังข้าว -- วิจัย |
| 650 | 0 | 4 | _aปุ๋ย -- วิจัย |
| 650 | 0 | 4 | _aปุ๋ยชีวภาพ -- วิจัย |
| 650 | 0 | 4 | _aปุ๋ยหมัก -- วิจัย |
| 650 | 0 | 4 | _aปุ๋ยอินทรีย์ -- วิจัย |
| 850 | _aNALT | ||
| 942 |
_cRSH _2lcc |
||
| 998 |
_bSOPAPORN _j109 _k อารีรัตน์ วิชาช่าง |
||
| 999 |
_c30214 _d30214 |
||